| 000 | 00573nam a2200181Ia 4500 | ||
|---|---|---|---|
| 005 | 20260629163253.0 | ||
| 008 | 260629s9999||||xx |||||||||||||| ||und|| | ||
| 020 |
_a8175812648 _qpbk |
||
| 082 |
_a801.95 _bRAJ |
||
| 100 | _aRajim, Sharad | ||
| 245 | 0 | _aContemporary Literary Criticism | |
| 260 |
_aNew Delhi _bRama Brothers India _c2005 |
||
| 300 | _aviii, 176p. ; 22cm. | ||
| 653 | _aLiterary theory and criticism, contemporary period | ||
| 653 | _aLiterature, Modern 20th century History and criticism | ||
| 653 | _aPhilosophy and theory of literature | ||
| 942 | _cBK | ||
| 999 |
_c57265 _d57265 |
||